000 nam a22 7a 4500
999 _c234873
_d234873
003 Nust
005 20170331133316.0
008 170331b xxu||||| |||| 00| 0 eng d
020 _a8123916310
040 _cdlc
082 _a624.0684 KRI
100 _4Krishnamurthy, K. G.
245 _aConstruction and Project Management for Engineers, Architects, Planners and Builders
260 _aNew Delhi
_bCBS Publishers and Distributors
_c2008
300 _axiv, 297p
_c23 cm
942 _2ddc
_cBK